000 00957nac a22003011i 4500
003 EG-ScBUE
005 20241109105817.0
008 241109t2002 nju f 001 0 eng d
020 _a0131218026 (pbk.)
020 _a9780131218024
040 _aEG-ScBUE
_beng
_erda
_cEG-ScBUE
_dEG-ScBUE
082 0 4 _a519.2
_bROS
_222
100 1 _aRoss, Sheldon M.,
_eauthor.
245 1 2 _aA first course in probability /
_cSheldon Ross, University of California, Berkeley.
250 _aSixth edition.
250 _aInternational edition.
264 1 _aUpper Saddle River, N.J. :
_bPrentice Hall,
_c[2002]
264 4 _cc2002
300 _aviii, 520 pages :
_billustrations ;
_c25 cm
336 _2rdacontent
_atext
_btxt
337 _aunmediated
_2rdamedia
_bn
338 _avolume
_bnc
_2rdacarrier
500 _aIncludes index.
500 _aIncludes Appendices.
650 7 _aProbabilities.
_2BUEsh
655 _vReading book
942 _cBB
_2ddc
999 _c1302
_d1302